| 000 | 00824nam a2200289 c 4500 | ||
|---|---|---|---|
| 003 | BLK | ||
| 005 | 20180420221236.0 | ||
| 008 | 180408b bul|||||r ||||||| ||bul|| | ||
| 010 | _aKNG00044062000 | ||
| 020 |
_a2-01-015795-8 _bиздат.: Hachette |
||
| 040 | _aBLK | ||
| 041 |
_aFRE _cFRE |
||
| 080 |
_aАнглийска литература _b821.111 _x-34 _z821.111-34 |
||
| 100 | 1 |
_aBlyton, Enid _eпърви автор _95453 |
|
| 139 |
_aBlyton, Enid _bB 68 |
||
| 245 | 1 | 0 |
_aSa Majeste le fauteuil magique _cEnid Blyton. |
| 257 | _aFRA | ||
| 260 |
_аParis _bHachette _c1990 |
||
| 300 |
_a96 c _bс ил. _c18 см |
||
| 380 | _aX | ||
| 490 | 1 |
_aBibliotheque Rose : Minirose _v541 |
|
| 852 | _aЦб І 29062 | ||
| 856 | 4 |
_qpdf _u |
|
| 856 | 4 |
_qpdf _u |
|
| 942 |
_cKNG _n0 |
||
| 944 |
_aCR _c01.01.1999 _kAB_DOS |
||
| 944 |
_aED _c26.02.2018 _k |
||
| 999 |
_c40584 _d40584 |
||